| 000 | 01871 a2200421 4500 | ||
|---|---|---|---|
| 001 | 200130014 | ||
| 999 |
_c200130014 _d31125 |
||
| 003 | TR-AnTOB | ||
| 005 | 20231206163815.0 | ||
| 008 | 130715p20112014miu 000 0 | ||
| 020 | _a9780472034567 (pbk. : acid-free paper) | ||
| 020 | _a0472034561 (pbk. : acid-free paper) | ||
| 040 |
_aSINIE _cSINIE _dYDXCP _dBWX _dMUM _dDLC |
||
| 041 | _aeng | ||
| 050 | 0 | 0 |
_aPE1478 _b.F43 2011 |
| 090 | _aPE1478 .F43 2011 | ||
| 100 | 1 |
_aFeak, Christine B. _991359 |
|
| 245 | 1 | 0 |
_aCreating contexts : _bwriting introductions across genres / _cChristine B. Feak, John M. Swales. |
| 264 | 1 |
_aAnn Arbor, Mich.: _bUniversity of Michigan Press, _c2011. |
|
| 300 |
_axv, 119 p. : _bill. ; _c23 cm. |
||
| 490 | 0 | _aMichigan series in English for academic & professional purposes | |
| 500 | _a"Volume 3 of the revised and expanded edition of English in today’s research world" | ||
| 504 | _aIncludes bibliographical references (p.117-119). | ||
| 650 | 0 |
_aResearch _xMethodology _vProblems, exercises, etc. _991360 |
|
| 650 | 0 |
_aAraştırma _xMetodoloji _vProblemler, alıştırmalar vb. _991432 |
|
| 650 | 0 |
_aAkademik yazı _921001 |
|
| 650 | 0 |
_aAcademic writing _921003 |
|
| 650 | 0 |
_aEnglish language _vTextbooks for foreign speakers _xTextbooks for foreign speakers _967636 |
|
| 650 | 0 |
_aEnglish language _xRhetoric _vProblems, exercises, etc. _94893 |
|
| 650 | 0 |
_aİngiliz dili _xRetorik _vProblemler, alıştırmalar vb. _991431 |
|
| 650 | 0 |
_aReport writing _93606 |
|
| 650 | 0 |
_aRapor yazma _9980 |
|
| 650 | 7 |
_aİngiliz dili _vDers kitapları, Yabancılar için _2etuturkob _917653 |
|
| 700 | 1 |
_aSwales, John M., _d1938- _991358 |
|
| 700 | 2 |
_aSwales, John M., _d1938-. _tEnglish in Today’s Research World: [a writing guide] _991428 |
|
| 700 | 2 |
_aFeak, Christine B. _tEnglish in Today’s Research World: [a writing guide] _991429 |
|
| 942 | _cBK | ||